000 00506nam a22002057a 4500
003 OSt
005 20140310183128.0
008 130530t xxu||||| |||| 00| 0 eng d
020 _a9710861700
050 _aPE 1
_b.Aq657 2001
082 _aFIL 808.066
_bAq5 2001
245 _aCollege English
_cAquino, Fe O.
260 _aManila
_bNational Book Store
_c2001
300 _a155 p.
_c23 cm
521 _acollege
526 _c1210L-1700L
541 _j1
562 _e1
942 _2lcc
_cBK
_kFIL
999 _c19076
_d19076